000 00987nam a2200193 a 4500
001 000046304
003 DO-SdBNP
005 20211001114957.0
008 150717s 2000 dr 000 0 spa d
040 _aDO-SdBNP
_bspa
_cBNPHU
082 4 _aBNPHU
_bxxxx
100 1 _aGonzález, Washington
_974320
245 1 3 _aEl trabajo del menor en la legislación dominicana /
_cWashington González ; presentación Rafael Alburquerque.
260 _aSanto Domingo :
_bMilenio,
_c2000.
300 _a77 p. ;
_c21 cm.
505 0 _tIntroducción --
_tConcepto --
_tIngreso al trabajo --
_tEdad mínima para el empleo --
_tFormación profesional y el menor --
_tEl menor y la escolaridad --
_tJornada de trabajo del menor --
_tResumen de los requisitos y prohibiciones para que una persona menor de edad pueda trabajar en los casos permitidos por la ley --
_tBase legal del trabajo asalariado dependiente del menor --
_tConvenios de la OIT.
700 1 2 _aAlburquerque, Rafael,
_epres.
_97243
942 _2ddc
_cLBS1
999 _c45793
_d45793